000 00346nam a2200097Ia 4500
008 220203s9999 xx 000 0 und d
100 _aN. M. Mathew
245 0 _anternational Natural Rubber Conference India 2005, 6-8 November 2005, Cochin, India: Preprints of papers
260 _bRubber Research Institute of India
_aKottayam
_c2005
942 _cPN
999 _c45230
_d45230